01154nam a2200181Ia 4500008004100000020001500041050001500056100003800071245010300109250001800212260004200230300003400272490004200306500008900348505044800437650004900885700003800934120626s1988 mx 000 0 spa d a9684264674 aHD38 bR63 aRodríguez Estrada, Mauroeautor aManejo de problemas y toma de decisionesc/ Mauro, Rodríguez Estrada; Mateo, Márquez Alegría a2a. edición aMéxicob: El Manual Modernoc, 1988 a98 páginasb: ilustraciones aSerie de capacitación integralv: 8 aIncluye: Contenido, Introducción, Apéndice, Bibliografía, Material audiovisual aTrascendencia de las decisiones Naturaleza de la decisión El proceso decisional: Sus fases y etapas Tipos de decisión Decisiones y valores: Valores y criterios Decisión y ambiente Modelos matemáticos para la toma de decisiones La información en la toma de decisiones Las decisiones en contexto institucional La toma de decisiones a través de la cibernética Condicionamiento subjetivo de la toma de decisiones  0aTOMA DE DECISIONES xGUÍAS, MANUALES, ETC. aMárquez Alegría, Mateoeautor